| 000 | 00640nam a22002057a 4500 | ||
|---|---|---|---|
| 003 | BD-DhJNU | ||
| 005 | 20250730035239.0 | ||
| 008 | 250730b |||||||| |||| 00| 0 eng d | ||
| 040 |
_aBD-DhJNU _bENG _cBD-DhJNU _dBD-DhJNU |
||
| 082 |
_223 _a959 ALS |
||
| 100 | _aAllen, Richard | ||
| 245 |
_aA Short Introduction : _bto the history and politics of Southeast Asia/ _cRichard Allen |
||
| 260 |
_aNew York : _bOxford University Press, _c1970. |
||
| 300 |
_ax, 306p. : _bill. ; _c21 cm. |
||
| 504 | _aIncludes bibliographies and index | ||
| 650 | _a History | ||
| 650 | _aPolitics | ||
| 650 | _aSoutheast Asia-History | ||
| 942 |
_2ddc _cBK _n0 |
||
| 999 |
_c1957 _d1957 |
||